Top 40 Marvel Heroes - Statistics

General Stats
  • This quiz has been taken 2,416 times
    2,415 since last reset
  • The average score is 23 of 40
Answer Stats
Hint Answer % Correct
8 Ironman
98%
1 Captain America
97%
6 Hulk
95%
3 Thor
95%
4 Spiderman
92%
17 Black Widow
91%
18 Hawkeye
88%
2 Wolverine
85%
13 Black Panther
72%
12 Professor Xavier
70%
35 Cyclops
69%
10 Antman
68%
11 Deadpool
65%
31 Scarlet Witch
64%
22 Jean Grey
63%
19 Mr Fantastic
63%
16 Human Torch
61%
33 Storm
61%
5 Daredevil
60%
27 Star Lord
59%
39 Quicksilver
58%
30 Thing
58%
14 Invisible Woman
56%
24 Beast
55%
32 wasp
54%
20 Dr Strange
46%
37 Rogue
45%
9 Nick Fury
42%
36 Iron Fist
41%
40 Luke Cage
41%
26 Nightcrawler
41%
21 Ghost Rider
40%
7 The Punisher
40%
25 Ms Marvel
38%
38 Silver Surfer
35%
29 Gambit
34%
15 Blade
33%
34 Rocket Raccoon
24%
28 Kitty Pryde
23%
23 Emma Frost
19%
No matching quizzes found
Score Distribution
Percent of People with Each Score
Percentile by Number Answered
Your Score History
You have not taken this quiz since the last reset